000 00895nam a2200241 i 4500
001 142774
003 ES-MaACL
005 20230906200623.0
007 t|
008 071010s1950 sp ||||1| spa d
080 _a514.7
100 1 _aVidal Abascal, Enrique.
_9114464
245 1 0 _aGeometría integral sobre las superficies curvas /
_cpor E. Vidal Abascal.
260 _aSantiago de Compostela :
_b[s.n.],
_c1950 (
_fImp. Seminario Conciliar)
300 _a62 p. ;
_c27 cm.
490 1 _aPublicaciones del Observatorio de Santiago ;
_v7
500 _aPrec. al tít.: Consejo Superior de Investigaciones Científicas.
650 1 4 _aGeometría integral.
_913103
710 2 _aConsejo Superior de Investigaciones Científicas (España)
_93236
830 0 _aPublicaciones del Observatorio de Santiago ;
_v7
_9220510
852 _aES-MaACL
_j1914-F-19
_bR.30026
999 _c142774
_d142774